000 00966nam a2200253 a 4500
001 BRCA_118
005 20190320202904.0
008 950810s1994 mx-#---##b---#100-0#spa-d
020 _a9682945380
040 _aDLC
_cDLC
_dDLC
041 _aspa
044 _amx
050 4 _aF1210
_b.M46 1994
245 1 0 _aSimposio Patrimonio y Política Cultural para el Siglo XXI
_cJaime Cama Villafranca y Rodrigo Witker Barra (coordinadores).
260 _aMéxico
_bINAH
_c1994
300 _a136 p.
_c26 cm.
500 _aMemoria del simposio realizado en el Instituto Nacional de Antropología e Historia (Ciudad de México), 1987.
611 2 4 _aSimposio Patrimonio y Política Cultural para el Siglo XXI
_d1987
_cCiudad de México
_9465
650 1 4 _aPatrimonio cultural
_vCongresos
_xProtección
_zMéxico
_9466
651 4 _aMéxico
_vCongresos
_xPolítica cultural
_9467
700 1 _aCama Villafranca, Jaime
_9468
700 1 _aWitker Barra, Rodrigo
_9469
942 _2lcc
_cB
999 _c103
_d103